000
00252nam a22001217a 4500
008
180117b xxu||||| |||| 00| 0 eng d
041
_a
eng
080
_a
2
100
_a
24
101
_a
TEO
245
_a
The antichrist
_c
Harper,L.D
942
_2
udc
_c
BK
999
_c
40408
_d
40408